Những trường đại học của tôi

Kaydedildi:
Detaylı Bibliyografya
Yazar: Gorki, Macxim
Diğer Yazarlar: Trần Khuyến (dịch), Cẩm Tiêu (dịch)
Materyal Türü: Kitap
Dil:Vietnamese
Baskı/Yayın Bilgisi: H. Nxb. Văn học 1976
Edisyon:In lần thứ 3 có sửa chữa
Konular:
Etiketler: Etiketle
Etiket eklenmemiş, İlk siz ekleyin!
Thư viện lưu trữ: Mạng thư viện Đại học Đà Nẵng
LEADER 01111nam a2200337 4500
001 000014587
003 10957
005 20120508150539.0
008 120508s1976 viesd
041 0 |a vie 
082 |a 891.7  |b GO-M 
100 0 |a Gorki, Macxim 
245 0 |a Những trường đại học của tôi  |c Macxim Gorki ; Trần Khuyến, Cẩm Tiêu dịch 
250 |a In lần thứ 3 có sửa chữa 
260 |a H.  |b Nxb. Văn học  |c 1976 
300 |a 199tr.  |c 19 cm 
653 |a Liên Xô 
653 |a tiểu thuyết 
653 |a văn học hiện đại 
700 |a Trần Khuyến  |e dịch 
700 |a Cẩm Tiêu  |e dịch 
OWN |a LSP 
AVA |a UDN50  |b LSP  |d 891.7 GO-M  |e available  |t Error 5001 Not defined in file expand_doc_bib_avail.  |f 1  |g 0  |h N  |i 0  |k 1 
999 |a From the UDN01 
AVA |a UDN50  |b LSP  |d 891.7 GO-M  |e available  |t Error 5001 Not defined in file expand_doc_bib_avail.  |f 1  |g 0  |h N  |i 0  |k 1 
TYP |a Monograph 
TYP |a Printed language 
980 |a Mạng thư viện Đại học Đà Nẵng